| 000 | 01130nam0a2200265 4500 | ||
|---|---|---|---|
| 001 | RU\NLR\BIBL_A\022414388 | ||
| 005 | 20250128194045.0 | ||
| 035 | _a(NLR Aleph) 022414388 | ||
| 090 |
_a13336587 _c13336587 |
||
| 100 | _a20241217d1946 m y0rusy50 ca | ||
| 101 | 0 | _amol | |
| 102 | _aMD | ||
| 105 | _ay z 000 y | ||
| 181 | 0 |
_ai _baxxe |
|
| 182 | 0 | _an | |
| 200 | 1 |
_aРакул _e(че требуе сэ се штие деспребоала ракулуй) _fС. М. Рубашев, проф. ла институтуй де медичинэ дин Кишинэу _gМинистерул пэзирий сэнэтэций ал РССМ. Каса републиканэ де луминаре санитарэ |
|
| 203 |
_aТекст _bвизуальный _cнепосредственный |
||
| 210 |
_aКишинэу _cЕдитура де Стат а Молдовей _d1946 |
||
| 215 |
_a11,[1] с. _d20 |
||
| 541 | 1 |
_aРак _e(что нужно знать о раке) _zrus |
|
| 686 | 1 | _aР562.1 | |
| 700 | 1 |
_aРубашев _bС. М. _f1883- _gСавелий Миронович _4070 |
|
| 942 | _cBOOK | ||
| 980 | _aNB | ||